000 00353nam a2200145Ia 4500
008 240624s9999 xx 000 0 und d
041 _aeng
082 _a005.8 GOL
100 _aGOLLMAN DIETER
245 _aCOMPUTER SECURITY
250 _a(2nd ed.)
260 _c2007
_aNew Delhi
_bWiley India
300 _axi, , 374 , 25 , p. , cm.
365 _cRS
_b30
999 _c6956
_d6956